书目信息 |
| 题名: |
青少年必做的600个思维训练
|
|
| 作者: | 方瑾 编著 | |
| 分册: | ||
| 出版信息: | 北京 企业管理出版社 2007.10 |
|
| 页数: | 10, 321页 | |
| 开本: | 25cm | |
| 丛书名: | ||
| 单 册: | ||
| 中图分类: | B842.5 | |
| 科图分类: | ||
| 主题词: | 思维方法--si wei fang fa--青年读物 | |
| 电子资源: | ||
| ISBN: | 978-7-80197-801-1 | |
| 000 | 00847nam0 2200229 450 | |
| 001 | 012008945537 | |
| 005 | 20080109165626.54 | |
| 010 | @a978-7-80197-801-1@dCNY32.00 | |
| 100 | @a20080109d2007 em y0chiy0120 ea | |
| 101 | 0 | @achi |
| 102 | @aCN@b110000 | |
| 105 | @aa z 000yy | |
| 106 | @ar | |
| 200 | 1 | @a青少年必做的600个思维训练@Aqing shao nian bi zuo de 600 ge si wei xun lian@f方瑾编著@Ffang jin bian zhu |
| 210 | @a北京@c企业管理出版社@d2007.10 | |
| 215 | @a10, 321页@c图@d25cm | |
| 330 | @a本书收录600个具有实用性和代表性的思维游戏,锻炼青少年的思维开阔性,分为柔性思维训练、发散思维训练、创意思维训练、还原思维训练、分析思维训练、图像思维训练等十七类。 | |
| 606 | 0 | @a思维方法@Asi wei fang fa@j青年读物 |
| 690 | @aB842.5@v4 | |
| 701 | 0 | @a方瑾@Afang jin@4编著 |
| 801 | 0 | @aCN@bQSSK@c20080109 |
| 905 | @b276366-68@dB842.5@eF205@f3 | |
| 青少年必做的600个思维训练/方瑾编著.-北京:企业管理出版社,2007.10 |
| 10, 321页:图;25cm |
| ISBN 978-7-80197-801-1:CNY32.00 |
| 本书收录600个具有实用性和代表性的思维游戏,锻炼青少年的思维开阔性,分为柔性思维训练、发散思维训练、创意思维训练、还原思维训练、分析思维训练、图像思维训练等十七类。 |
| ● |
| 相关链接 |
|
|
|
正题名:青少年必做的600个思维训练
索取号:B842.5/F205
 
预约/预借
| 序号 | 登录号 | 条形码 | 馆藏地/架位号 | 状态 | 备注 |
| 1 | 276366 | 202763660 | 社科库509/509社科库 36排2列1层/ [索取号:B842.5/F205] | 在馆 | |
| 2 | 276367 | 202763679 | 社科库509/509社科库 36排2列1层/ [索取号:B842.5/F205] | 在馆 | |
| 3 | 276368 | 202763688 | 社科库509/509社科库 36排2列1层/ [索取号:B842.5/F205] | 在馆 |